000 00304nam a22001337a 4500
008 170414b xxu||||| |||| 00| 0 eng d
020 _a9789951460026
041 _aALB
080 _243TE
_a612.39
100 _a10
101 _aSHM
245 _aTABELA E VLERAVE USHQYESE
_cFROLEKE, H
942 _2udc
_cBK
999 _c10737
_d10737